[Event "Niedersachsen-ch op"]
[Site "Verden"]
[Date "2007.01.05"]
[Round "6"]
[White "Pfeifer, Frank"]
[Black "Jahn, David"]
[Result "1/2-1/2"]
[WhiteElo "1673"]
[BlackElo "1276"]
[PlyCount "55"]
[EventDate "2007.01.04"]
[EventType "swiss"]
[EventRounds "7"]
[EventCountry "GER"]
[SourceTitle "EXT 2021"]
[Source "ChessBase"]
[SourceDate "2020.10.23"]
[SourceVersion "1"]
[SourceVersionDate "2020.10.23"]
[SourceQuality "1"]

1. e4 c5 2. Nc3 e6 3. g3 b6 4. Bg2 Bb7 5. d3 Nf6 6. Nge2 d6 7. 0-0 Be7 8. f4 Nbd7 9. Be3 Ng4 10. Bf2 Nxf2 11. Rxf2 0-0 12. Qd2 e5 13. Raf1 f6 14. f5 a6 15. Rf3 Qc7 16. g4 c4 17. Rh3 Rac8 18. Qe1 cxd3 19. cxd3 b5 20. Qh4 h6 21. Rc1 Nc5 22. b4 Nd7 23. Qh5 Qb6+ 24. Kh1 Rfd8 25. Qg6 Nf8 26. Qh5 Rc7 27. Qh4 Rdc8 28. Qe1 1/2-1/2